| 000 | 00469nam a2200133Ia 4500 | ||
|---|---|---|---|
| 008 | 171212s9999 xx 000 0 und d | ||
| 020 | _a9780731537518 | ||
| 100 | _aLal, Brij V. | ||
| 245 |
_cLal, Brij V. _aIslands of Turmoil _bElections and Politics in Fiji |
||
| 260 |
_bANU E Press _c2006 |
||
| 650 | _aFiji -- Politics and government; Fiji -- Social conditions; Fiji -- Economic conditions | ||
| 650 | _aHistory | ||
| 856 | _uwww.jstor.org/stable/10.2307/j.ctt2jbk0f | ||
| 999 |
_c351175 _d351175 |
||